भारत में जन ग्रंथालय अधिनियम / (Record no. 121329)

MARC details
000 -LEADER
fixed length control field 01200nam a22002657a 4500
005 - DATE AND TIME OF LATEST TRANSACTION
control field 20170124103211.0
010 ## - LIBRARY OF CONGRESS CONTROL NUMBER
LC control number B-019339
020 ## - INTERNATIONAL STANDARD BOOK NUMBER
Terms of availability 875.00
International Standard Book Number 8170002885
035 ## - SYSTEM CONTROL NUMBER
System control number B-019339
037 ## - SOURCE OF ACQUISITION
Source of stock number/acquisition Cen Lib/Ret
040 ## - CATALOGING SOURCE
Original cataloging agency DPL
Language of cataloging HN
082 ## - DEWEY DECIMAL CLASSIFICATION NUMBER
Classification number 344.092
Item number भारत
245 ## - TITLE STATEMENT
Title भारत में जन ग्रंथालय अधिनियम /
Statement of responsibility, etc एस. कुमार...[et al.]
246 ## - VARYING FORM OF TITLE
Title proper/short title Bharat me jan granthalya adhiniyam
Remainder of title byS. Kumar...[et al.]
260 ## - PUBLICATION, DISTRIBUTION, ETC. (IMPRINT)
Place of publication, distribution, etc नई दिल्ली
Name of publisher, distributor, etc इ.एस एस इ एस एस पब्लिकेशन
270 ## - ADDRESS
Address 4837/24, अंसारी रोड दरिया गंज
City नई दिल्ली
Postal code 110002
300 ## - PHYSICAL DESCRIPTION
Extent 401पृष्ठ.
Dimensions 21सेमी(सजिल्द)
500 ## - GENERAL NOTE
General note अनुक्रमणिका सूची शामिल
650 ## - SUBJECT ADDED ENTRY--TOPICAL TERM
Topical term or geographic name as entry element पुस्तकालय विज्ञान
9 (RLIN) 96537
650 ## - SUBJECT ADDED ENTRY--TOPICAL TERM
Topical term or geographic name as entry element अधिनियम - जन ग्रंथालय
9 (RLIN) 96538
650 ## - SUBJECT ADDED ENTRY--TOPICAL TERM
Topical term or geographic name as entry element library Science
9 (RLIN) 96539
650 ## - SUBJECT ADDED ENTRY--TOPICAL TERM
Topical term or geographic name as entry element Act - Public Library
9 (RLIN) 96540
700 ## - ADDED ENTRY--PERSONAL NAME
Personal name कुमार, एस.
9 (RLIN) 43844
942 ## - ADDED ENTRY ELEMENTS (KOHA)
Source of classification or shelving scheme Dewey Decimal Classification
Koha item type Hindi Books
Classification part 344.092
Call number suffix भारत
Holdings
Withdrawn status Lost status Damaged status Not for loan Collection code Home library Current library Date acquired Source of acquisition Cost, normal purchase price Total Checkouts Full call number Barcode Date last seen Copy number Cost, replacement price Price effective from Koha item type
      Not For Loan Reference Central Library Central Library 05/10/2015 Cen Lib/Ret 875.00   344.092 भारत B-019339 05/10/2015 1 875.00 05/10/2015 Hindi Books

© Delhi Public Library
Hit Counter
free hit counter